000 00696nam a2200289Ia 4500
005 20260324112402.0
008 008 260324s9999 xx 000 0 eng d
020 _a9781003452386
037 _aEBOOK
040 _aCRL
040 _beng
040 _cCRL
041 _2eng
041 _aeng
084 _qCRL
100 _aAnne de Graaf; Klaas Kunst
_91142477
245 0 _aManaging Without Power
245 0 _bSeven Alternative Ways to be Influential
260 _bTaylor and Francis
260 _c2024
365 _a
365 _b82.99
856 _uhttp://www.taylorfrancis.com/books/9781003452386
942 _cEBOOK
999 _c1731666
_d1731666